000 00512nam a2200169 i 4500
001 30281
003 ES-MaACL
005 20230909063107.0
007 t|
008 030124s1952 sp ||||1| spa d
100 1 _aBarraquer Ferré, Luis,
_d1887-1959
_925856
245 1 0 _aEstudios de neurología clínica /
_cLuis Barraquer Ferré.
260 _aBarcelona :
_bJanes,
_c[1952] (
_fHorta)
300 _aXVI, 770 p. :
_bil. ;
_c25 cm.
852 _aES-MaACL
_jD-8584
_bR.33346
999 _c30281
_d30281